Statistics for Premier League Champions Goalkeepers

Click here to take the quiz!

General Stats

  • This quiz has been taken 666 times
    (586 since last reset)
  • The average score is 13 of 40

Answer Stats

Goalkeeper% Correct
Alisson
98%
Ederson
97%
David de Gea
93%
Kasper Schmeichel
93%
Edwin van der Sar
91%
Petr Čech
91%
Joe Hart
89%
Peter Schmeichel
88%
Thibaut Courtois
81%
David Seaman
73%
David Seaman
73%
Jens Lehmann
68%
Fabien Barthez
58%
Peter Shilton
35%
Bruce Grobbelaar
28%
Mark Bosnich
24%
Ray Clemence
20%
Tim Flowers
19%
Neville Southall
16%
John Lukic
10%
Alex Stepney
9%
Bob Wilson
8%
Tommy Lawrence
6%
Billy Brown
5%
Bert Williams
4%
Gary Sprake
4%
David Harvey
3%
Jimmy Rimmer
3%
Ray Wood
3%
Bill Robertson
2%
Colin Boulton
2%
Gordon West
2%
Roy Bailey
2%
Adam Blacklaw
1%
Jack Kelsey
1%
Ken Mulhearn
1%
Malcolm Finlayson
1%
Pat Dunne
1%
Reg Allen
1%
Ted Ditchburn
1%

Score Distribution

Percentile by Number Answered

Percent of People with Each Score

Your Score History

You have not taken this quiz since the last reset